| 000 | 00649nam a2200205 i 4500 | ||
|---|---|---|---|
| 001 | 101744 | ||
| 003 | ES-MaACL | ||
| 005 | 20230906182953.0 | ||
| 007 | t| | ||
| 008 | 051025s1969 sp ||||1| spa d | ||
| 100 | 1 |
_aMehl, Roger. _979814 |
|
| 245 | 1 | 3 |
_aLa teología protestante / _cRoger Mehl; versión de Teresa Rubio de M. Retortillo. |
| 260 |
_aMadrid : _bTaurus, _c1969. |
||
| 300 |
_a156 p., 3 h. ; _c18 cm. |
||
| 490 | 1 |
_aEl futuro de la verdad ; _v35 |
|
| 700 | 1 |
_aRubio de Martín-Retortillo, Teresa. _9100400 |
|
| 830 | 0 |
_aEl futuro de la verdad ; _v35 _9180936 |
|
| 852 |
_aES-MaACL _jC-52225 _bR.71683 |
||
| 999 |
_c101744 _d101744 |
||